100 Babynamen der Woche 19/26' - Statistiken

Allgemein
  • Dieses Quiz wurde 10 mal gespielt
  • Das Durchschnittsergebnis liegt bei 18 aus 100
Antwortstatistiken
📍 Vorname % Korrekt
Al..a.d.r ♂️ Alexander
63%
Lu.a ♂️ Luca
63%
Ad..a.o ♂️ Adriano
50%
Al.s..o ♂️ Alessio
50%
T.m ♂️ Tom
50%
Ai.e ♂️ Aike
38%
Am.l.a ♀️ Amalia
38%
An..l.e.e ♀️ Anneliese
38%
Ei.e ♀️ Eike
38%
Ge.h..d ♂️ Gerhard
38%
He.d..x ♂️ Hendrix
38%
Ki.n ♂️ Kian
38%
Li.m ♂️ Liam
38%
L.l.y ♀️ Lilly
38%
L.c.a ♀️ Lucia
38%
L.d.a ♀️ Lydia
38%
M.t..o ♂️ Matteo
38%
N.e.i ♀️ Noemi
38%
A.i.e ♀️ Alice
25%
A.r.l.a ♀️ Aurelia
25%
B.t.i.a ♀️ Bettina
25%
Ch.k..a ♀️ Chakira
25%
F.n.a ♀️ Finja
25%
Fl.r..t..e ♀️ Florentine
25%
Fr..k.e ♂️ Frankie
25%
Ge.e ♂️ Gene
25%
H.r..s.n ♂️ Harrison
25%
Hi.t..d ♀️ Hiltrud
25%
Ja.e ♀️ Jane
25%
La.a ♀️ Lara
25%
Li.a ♀️ Liva
25%
L.t.e ♀️ Lotte
25%
Lu.e ♂️ Luke
25%
M.n.n ♀️ Manon
25%
N.o.i ♀️ Naomi
25%
N.a ♀️ Nia
25%
Ni.l.s ♂️ Niklas
25%
Ni.a ♀️ Nina
25%
No.h ♂️ Noah
25%
R.n.a ♀️ Ronja
25%
S.y ♀️ Sky
25%
Sk.l.r ♀️ Skylar
25%
Sy.v.e ♀️ Sylvie
25%
Ta.a ♀️ Tara
25%
Th.d.e.s ♂️ Thaddeus
25%
T.y.a ♀️ Thyra
25%
Ti.o ♂️ Timo
25%
Tr.n ♂️ Tron
25%
T.s.n ♂️ Tyson
25%
Wi.h..m ♂️ Wilhelm
25%
W.l.i ♂️ Willi
25%
Ya.a ♀️ Yara
25%
C.e..a ♀️ Caelia
13%
F.e.e ♂️ Fiete
13%
H.l..e ♀️ Helene
13%
Il.e ♀️ Ilse
13%
K.r.a ♀️ Karla
13%
K.a.o ♂️ Kiano
13%
L.n.a ♀️ Lunea
13%
N.v.l.e ♀️ Novelle
13%
Pa.l..e ♀️ Pauline
13%
Rh.d.r ♂️ Rhyder
13%
Sh.y.e ♂️ Shayne
13%
Sh.y.a ♀️ Sheyla
13%
T.n.a ♀️ Tonia
13%
T.u.y ♀️ Trudy
13%
Y.m.n ♂️ Yamin
13%
Y.s.n ♂️ Yasin
13%
A.n.s.a ♀️ Agnessa
0%
A.p..k.b..e ♀️ Alphakabine
0%
Am.l.e ♀️ Amelle
0%
A.u.l ♂️ Anuel
0%
A.i.e ♀️ Aoife
0%
A.m..a ♀️ Armina
0%
B.n..e ♀️ Bonnie
0%
In..a ♀️ Inaya
0%
J.n.o ♂️ Janko
0%
J n..a ♀️ Jonida
0%
J.n.o ♂️ Jonto
0%
J.s..a ♀️ Josefa
0%
Ju.i ♀️ Judi
0%
K.l..a ♀️ Kaleya
0%
Ka.l..i ♀️ Kaulini
0%
Ke.z..h ♀️ Keeziah
0%
Kh.l..a ♂️ Khalifa
0%
K.m..i ♂️ Kimani
0%
Le.n.a ♀️ Leenya
0%
L.a.i.a ♀️ Lianika
0%
Li.y.n.h ♀️ Lilyanah
0%
L.e..a ♀️ Luetta
0%
Me.d.w ♀️ Meadow
0%
S.d.a ♀️ Sedra
0%
T.b..i.s ♂️ Tiberius
0%
V.l..t.a ♀️ Valletta
0%
V.l..n.l.e ♀️ Villanelle
0%
W.t.n ♀️ Watin
0%
X.l.s ♂️ Xalis
0%
Y.i.a ♀️ Yuina
0%
Za.l.e ♀️ Zaylee
0%
Z.l.n ♀️ Zilan
0%
Keine übereinstimmenden Quizze gefunden
Verteilung der Resultate
Anzahl Personen mit jedem Resultat
Perzentil nach korrekt beantworteten Fragen
Ihre Resultats-Entwicklung
Sie haben dieses Quiz noch nicht gespielt